000 01186cam a2200229 a 4500
001 000019846
005 20200929170149.0
008 850222s1930 pr b 000 0 spa d
040 _aDO-SdBNP
_bspa
_cDLC
_dBNPHU
082 _aPR864.42
_bP371a
100 1 _aPedreira, Antonio Salvador,
_d1899-1939.
_913569
245 1 0 _aAristas :
_bensayos /
_cAntonio S. Pedreira.
260 _aSan Juan, Puerto Rico :
_bLibreria y Editorial Campos,
_c1930.
300 _a272 p. ;
_c20 cm.
490 0 _aNovelistas, Poetas y Ensayistas de América
505 0 _aPórtico -- ¿La generación del 98? -- Ensayo cromático -- Los amores de don Quijote -- En torno a Henrik Ibsen. Ideas cardinales -- En su taller literario -- Unidad y geometrismo -- De los nombres de Puerto Rico -- ¿Portorriqueño o puertorriqueño? -- Lemas fugaces. Epigramas de Marcial -- Literatura diabólica -- Sansón Carrasco -- Donjuanerías. Dualismo y síntesis titular -- Espectacularismo zorrillesco.
650 4 _aEnsayos puertorriqueños
_98892
650 4 _aLiteratura puertorriqueña
_9250
830 0 _aNovelistas, Poetas y Ensayistas de América
_942356
910 _aCatalogación derivada / LC
049 _aBNGR
999 _c19359
_d19359